| 000 | 03118nam a22003615a 4500 | ||
|---|---|---|---|
| 005 | 20100908151546.0 | ||
| 010 | _aB-413776-790 | ||
| 020 |
_a8189449141 _c295.00 |
||
| 035 | _aB-413776-790 | ||
| 037 | _bUBH | ||
| 082 | _a915.404 | ||
| 245 | _aSpecial holiday in India | ||
| 260 |
_aNew Delhi _bOutlook Pubishing _c2009 |
||
| 300 |
_a494 p. _bcol. ill. ; _c21 cm(pbk) |
||
| 490 |
_aOutlook traveller getaways _918984 |
||
| 942 |
_2ddc _cEN _mSPE _h915.404 |
||
| 999 |
_c35829 _d35829 |
||